Географические открытия (Запись № 490031)

Подробности
000 -МАРКЕР
контрольное поле 01500nam0a2200397 4500
001 - ИДЕНТИФИКАТОР ЗАПИСИ
контрольное поле RU\NLR\bibl\1293864
005 - ИДЕНТИФИКАТОР ВЕРСИИ
контрольное поле 20250615144958.0
010 ## - МЕЖДУНАРОДНЫЙ СТАНДАРТНЫЙ НОМЕР КНИГИ (ISBN)
Номер (ISBN) 978-5-18-000965-4
Тираж 15000
021 ## - НОМЕР ГОСУДАРСТВЕННОЙ РЕГИСТРАЦИИ
Код страны Российская Федерация
Номер 2008-72226
Номер Листа государственной регистраци 4140
021 ## - НОМЕР ГОСУДАРСТВЕННОЙ РЕГИСТРАЦИИ
Код страны Российская Федерация
Номер 2009-107591
Номер Листа государственной регистраци 6865
021 ## - НОМЕР ГОСУДАРСТВЕННОЙ РЕГИСТРАЦИИ
Код страны Российская Федерация
Номер 2011-23987
Номер Листа государственной регистраци 1700
021 ## - НОМЕР ГОСУДАРСТВЕННОЙ РЕГИСТРАЦИИ
Код страны Российская Федерация
Номер 2012-69267
Номер Листа государственной регистраци 5084
035 ## - ДРУГИЕ СИСТЕМНЫЕ НОМЕРА
Идентификатор записи (nilc)EL/0000178580
035 ## - ДРУГИЕ СИСТЕМНЫЕ НОМЕРА
Идентификатор записи RU\NLR\bibl\1067896
035 ## - ДРУГИЕ СИСТЕМНЫЕ НОМЕРА
Идентификатор записи (NLR Aleph) 001279514
100 ## - ДАННЫЕ ОБЩЕЙ ОБРАБОТКИ
Данные общей обработки 20080311d2008 |||y0rusy50 ca
101 1# - ЯЗЫК РЕСУРСА
Язык текста, звукозаписи и т.д. русский
Язык оригинала французский
102 ## - СТРАНА ПУБЛИКАЦИИ ИЛИ ПРОИЗВОДСТВА
Страна публикации Российская Федерация
105 ## - ПОЛЕ КОДИРОВАННЫХ ДАННЫХ: ТЕКСТОВЫЕ МАТЕРИАЛЫ, МОНОГРАФИЧЕСКИЕ
Кодированные данные о монографическом текстовом документе a |||||||||
200 1# - ЗАГЛАВИЕ И СВЕДЕНИЯ ОБ ОТВЕТСТВЕННОСТИ
Основное заглавие Географические открытия
Сведения, относящиеся к заглавию [для детей среднего школьного возраста
Первые сведения об ответственности Сильвия Дерэм
Последующие сведения об ответственности пер. с фр. Ирины Петровской]
210 ## - ПУБЛИКАЦИЯ, РАСПРОСТРАНЕНИЕ И ДР.
Место издания, распространения и т.д. Москва
Имя издателя, распространителя и т. д. Махаон
Дата издания, распространения и т.д. 2008
215 ## - ФИЗИЧЕСКАЯ ХАРАКТЕРИСТИКА
Специфическое обозначение материала и объем 125 с.
Другие сведения о физической характеристике цв. ил., карты
Размеры 25
225 1# - СЕРИЯ
Основное заглавие серии Детская энциклопедия "Махаон"
606 1# - НАИМЕНОВАНИЕ ТЕМЫ КАК ПРЕДМЕТ
Наименование темы Географические открытия
Формальный подзаголовок Энциклопедии для детей
Системный номер авторитетной/нормативной записи 1357403
Идентификатор авторитетной/нормативной записи RU\NLR\auth\66253034
686 ## - ИНДЕКСЫ ДРУГИХ КЛАССИФИКАЦИЙ
Индекс 26.8я2
Издание LBC/PL
Код системы
686 ## - ИНДЕКСЫ ДРУГИХ КЛАССИФИКАЦИЙ
Индекс Ш9
Книжный номер Д8г
702 #1 - ИМЯ ЛИЦА - ВТОРИЧНАЯ ОТВЕТСТВЕННОСТЬ
Код отношения Прочие
Графика поля Кириллица
Материалы, к которым относится поле rus
Начальный элемент ввода Дерэм
Часть имени, кроме начального элемента ввода С.
Расширение инициалов личного имени Сильви
Системный номер авторитетной/нормативной записи 235164
Идентификатор авторитетной/нормативной записи RU\NLR\AUTH\770235220
801 #0 - ИСТОЧНИК ЗАПИСИ
Страна Российская Федерация
Организация НБР Саха
Дата составления 20080311
Правила каталогизации rcr
801 #1 - ИСТОЧНИК ЗАПИСИ
Страна Российская Федерация
Организация НБР Саха
Дата составления 20080311
801 #2 - ИСТОЧНИК ЗАПИСИ
Страна Российская Федерация
Организация NLR
Дата составления 20081112
Правила каталогизации rcr
942 ## - ДОПОЛНИТЕЛЬНЫЕ ЭЛЕМЕНТЫ ЗАПИСИ (АБИС)
Тип экземпляра АБИС Книга
980 ## - КОЛЛЕКЦИЯ
Название коллекции Национальная библиография
Экземпляры
Тип экземпляра Дата поступления Источник поступления Библиотека постоянного хранения Библиотека текущего хранения Место хранения Шифр хранения Штрих-код Статус экземпляра
Книга 12.11.2008 Обязательный экземпляр РНБ (Московский) РНБ (Московский) Русский книжный фонд: издания с 1957 года 2008-7/6531 2789647  
Книга 12.11.2008 Обязательный экземпляр РНБ (Московский) РНБ (Московский) Обменный фонд   2789648  
Книга 27.02.2010 Обязательный экземпляр РНБ (Московский) РНБ (Московский) Обменный фонд   3111603  
Книга 27.02.2010 Обязательный экземпляр РНБ (Московский) РНБ (Московский) Обменный фонд   3111604  
Книга 15.04.2011 Обязательный экземпляр РНБ (Московский) РНБ (Московский) Обменный фонд   3400001  
Книга 15.04.2011 Обязательный экземпляр РНБ (Московский) РНБ (Московский) Обменный фонд   3400002  
Книга 08.10.2012 Обязательный экземпляр РНБ (Московский) РНБ (Московский) Обменный фонд   3740980  
Книга 08.10.2012 Обязательный экземпляр РНБ (Московский) РНБ (Московский) Обменный фонд   3740981